[Event "Le Port Marly Paribas blitz op"]
[Site "Le Port Marly"]
[Date "2013.06.15"]
[Round "4"]
[White "Guliyev, Namig"]
[Black "Ljubotina, Lazo"]
[Result "1-0"]
[WhiteElo "2580"]
[BlackElo "2070"]
[PlyCount "112"]
[EventDate "2013.06.15"]
[EventType "swiss (blitz)"]
[EventRounds "15"]
[EventCountry "FRA"]
[SourceTitle "EXT 2014"]
[Source "ChessBase"]
[SourceDate "2013.11.20"]
[SourceVersion "1"]
[SourceVersionDate "2013.11.20"]
[SourceQuality "1"]

1. e4 Nf6 2. e5 Nd5 3. d4 e6 4. Nf3 Nb6 5. Bd3 d5 6. 0-0 c5 7. c3 Be7 8. dxc5 Bxc5 9. Bf4 Nc6 10. Nbd2 h6 11. Qe2 Nd7 12. b4 Bb6 13. b5 Ne7 14. Nd4 Nf8 15. Bg3 Bd7 16. Kh1 Qc7 17. Rac1 g6 18. f4 Nf5 19. Bf2 Qd8 20. N2b3 Rc8 21. a4 Ba5 22. g4 Nxd4 23. cxd4 Bb4 24. Rxc8 Bxc8 25. Be3 b6 26. Nd2 Bd7 27. Nf3 Be7 28. h3 h5 29. Kg2 Nh7 30. Qc2 Nf8 31. Rc1 Rg8 32. Bf2 f6 33. exf6 Bxf6 34. Qc7 Rg7 35. Qxa7 hxg4 36. hxg4 g5 37. Qc7 gxf4 38. Qxf4 Bg5 39. Nxg5 Qxg5 40. Qxg5 Rxg5 41. Be2 Rg7 42. Bg3 Ng6 43. Kf2 e5 44. dxe5 Re7 45. a5 bxa5 46. b6 Be6 47. Bd3 Kf7 48. Rc7 Rxc7 49. bxc7 Ne7 50. Ke3 Bxg4 51. Kd4 Bc8 52. Kc5 Ke6 53. Bb5 Ng6 54. Kb6 Nxe5 55. Bxe5 Kxe5 56. Kc5 Ke6 1-0

[Event "Pula op 25th"]
[Site "Pula"]
[Date "2011.06.18"]
[Round "1"]
[White "Ljubotina, Lazo"]
[Black "Mencinger, Vojko"]
[Result "0-1"]
[WhiteElo "1981"]
[BlackElo "2399"]
[PlyCount "86"]
[EventDate "2011.06.18"]
[EventType "swiss"]
[EventRounds "9"]
[EventCountry "CRO"]
[SourceTitle "CBM 143 Extra"]
[Source "ChessBase"]
[SourceDate "2011.08.29"]
[SourceVersion "1"]
[SourceVersionDate "2011.08.29"]
[SourceQuality "1"]

1. e4 c5 2. c3 Nf6 3. d3 Nc6 4. f4 d6 5. Be2 g6 6. Be3 Bg7 7. Nd2 e5 8. h3 Bh6 9. g3 d5 10. Bxc5 exf4 11. g4 Bf8 12. Bxf8 Kxf8 13. g5 Ne8 14. Ngf3 h6 15. Qb3 Nc7 16. gxh6 Rxh6 17. 0-0-0 Kg7 18. e5 d4 19. Rdg1 a5 20. a4 Be6 21. c4 Bf5 22. Ne4 Bxe4 23. dxe4 Ne6 24. Qb5 d3 25. Bd1 Ncd4 26. Qd5 Nxf3 27. Bxf3 Qb6 28. Kb1 Rd8 29. Qb5 Qxb5 30. axb5 Rdh8 31. Bg4 Ng5 32. e6 fxe6 33. Rd1 Rd8 34. h4 Nxe4 35. Rh2 e5 36. Rg2 Ng3 37. h5 e4 38. c5 gxh5 39. Bf5 Kf6 40. Rxg3 Kxf5 41. Rg7 e3 42. Re1 d2 43. Rxb7 dxe1Q+ 0-1

[Event "Avoine op 24th"]
[Site "Avoine"]
[Date "2009.07.20"]
[Round "2"]
[White "Godart, Francois"]
[Black "Ljubotina, Lazo"]
[Result "1-0"]
[WhiteElo "2179"]
[BlackElo "1943"]
[PlyCount "71"]
[EventDate "2009.07.18"]
[EventType "swiss"]
[EventRounds "9"]
[EventCountry "FRA"]
[SourceTitle "CBM 131 Extra"]
[Source "ChessBase"]
[SourceDate "2009.09.03"]
[SourceVersion "2"]
[SourceVersionDate "2009.09.16"]
[SourceQuality "1"]

1. d4 f5 2. Bg5 Nf6 3. Bxf6 exf6 4. e3 d5 5. c4 c6 6. Nc3 g6 7. h4 Bb4 8. cxd5 Qxd5 9. Nge2 b5 10. Nf4 Qf7 11. Bd3 Bb7 12. Bc2 Na6 13. Bb3 Qe7 14. 0-0 Nc7 15. d5 0-0-0 16. Qc2 c5 17. Ne6 Nxe6 18. dxe6 Bxc3 19. Qxc3 Kb8 20. Qa5 c4 21. Bd1 a6 22. a4 b4 23. Rc1 Rd5 24. Qb6 Rc8 25. Bf3 Rc6 26. Qxb7+ Kxb7 27. Bxd5 Kc7 28. Bxc6 Kxc6 29. Rxc4+ Kd5 30. Rfc1 Kxe6 31. Rc6+ Kd5 32. Rxa6 g5 33. Rac6 f4 34. e4+ Kd4 35. Rd1+ Ke5 36. f3 1-0

[Event "Avoine op 22nd"]
[Site "Avoine"]
[Date "2007.07.23"]
[Round "3"]
[White "Le Goff, Damien"]
[Black "Ljubotina, Lazo"]
[Result "1-0"]
[WhiteElo "2281"]
[BlackElo "1943"]
[PlyCount "51"]
[EventDate "2007.07.21"]
[EventType "swiss"]
[EventRounds "9"]
[EventCountry "FRA"]
[SourceTitle "EXT 2010"]
[Source "ChessBase"]
[SourceDate "2010.11.25"]
[SourceVersion "1"]
[SourceVersionDate "2010.11.25"]
[SourceQuality "1"]

1. e4 e6 2. d4 d5 3. Nc3 Nf6 4. e5 Nfd7 5. f4 c5 6. Nf3 Nc6 7. Be3 a6 8. Qd2 Qb6 9. 0-0-0 Qa5 10. Kb1 b5 11. f5 cxd4 12. fxe6 fxe6 13. Nxd4 Nxd4 14. Bxd4 Nc5 15. Bd3 Nxd3 16. cxd3 b4 17. Ne2 Bd7 18. Rhf1 0-0-0 19. Rf7 Kb8 20. Qe3 b3 21. axb3 Qb5 22. Ba7+ Kb7 23. Nd4 Bc5 24. Nxb5 Bxe3 25. Bxe3 axb5 26. Bg5 1-0

[Event "Avoine op 20th"]
[Site "Avoine"]
[Date "2005.07.28"]
[Round "6"]
[White "Ljubotina, Lazo"]
[Black "Couderc, Mickael"]
[Result "1/2-1/2"]
[WhiteElo "1880"]
[BlackElo "1700"]
[PlyCount "71"]
[EventDate "2005.07.23"]
[EventType "swiss"]
[EventRounds "9"]
[EventCountry "FRA"]
[SourceTitle "EXT 2007"]
[Source "ChessBase"]
[SourceDate "2006.11.23"]
[SourceVersion "1"]
[SourceVersionDate "2006.11.23"]
[SourceQuality "1"]

1. e4 e6 2. Nf3 d5 3. e5 c5 4. d3 Nc6 5. c3 Bd7 6. g4 h6 7. h4 Be7 8. Bf4 Qb6 9. Qc1 f6 10. Be2 fxe5 11. Bxe5 Bf6 12. Bg3 Nge7 13. 0-0 Ng6 14. h5 Nge5 15. Bxe5 Nxe5 16. Nxe5 Bxe5 17. f4 Bc7 18. Qe3 Qd6 19. d4 cxd4 20. cxd4 Rf8 21. Nc3 Rxf4 22. Rxf4 Qxf4 23. Qxf4 Bxf4 24. Rd1 a6 25. Kg2 Ke7 26. Bf3 Rf8 27. Rf1 Be3 28. Bxd5 Rxf1 29. Kxf1 Bxd4 30. Bxb7 Bxc3 31. bxc3 Bb5+ 32. Kf2 Kd6 33. Ke3 Ke5 34. a4 Bc4 35. a5 Bb5 36. Bf3 1/2-1/2